Concepts Building Approach to Cybercrimes and Cyber laws (Record no. 12677)
[ view plain ]
| 000 -LEADER | |
|---|---|
| fixed length control field | 00396nam a22001577a 4500 |
| 003 - CONTROL NUMBER IDENTIFIER | |
| control field | OSt |
| 008 - FIXED-LENGTH DATA ELEMENTS--GENERAL INFORMATION | |
| fixed length control field | 240509b |||||||| |||| 00| 0 eng d |
| 020 ## - INTERNATIONAL STANDARD BOOK NUMBER | |
| International Standard Book Number | 9789386668318 |
| 082 ## - DEWEY DECIMAL CLASSIFICATION NUMBER | |
| Classification number | 364.168 GUC |
| 100 ## - MAIN ENTRY--PERSONAL NAME | |
| Personal name | GUSAI,Om Prakash |
| 245 ## - TITLE STATEMENT | |
| Title | Concepts Building Approach to Cybercrimes and Cyber laws |
| 250 ## - EDITION STATEMENT | |
| Edition statement | 1st Ed |
| 260 ## - PUBLICATION, DISTRIBUTION, ETC. (IMPRINT) | |
| Place of publication, distribution, etc | New Delhi |
| Name of publisher, distributor, etc | Cengage |
| Date of publication, distribution, etc | 2019 |
| 300 ## - PHYSICAL DESCRIPTION | |
| Extent | 202 |
| 942 ## - ADDED ENTRY ELEMENTS (KOHA) | |
| Source of classification or shelving scheme | Dewey Decimal Classification |
| Koha item type | Text Books |
| Withdrawn status | Lost status | Source of classification or shelving scheme | Damaged status | Not for loan | Collection code | Home library | Current library | Date acquired | Source of acquisition | Currency | Cost, normal purchase price | Bill Number | Total Checkouts | Full call number | Acc. no. / Barcode | Date last seen | Actual Cost, discounted price | Bill Date | Koha item type |
|---|---|---|---|---|---|---|---|---|---|---|---|---|---|---|---|---|---|---|---|
| Dewey Decimal Classification | Computer Science & Engineering in Cyber Security | PIET C-LIBRARY | PIET C-LIBRARY | 14/04/2024 | Zafaa Books and Distributors | In rupees | 225.00 | ZBD0031 | 364.168 GUC | 37546 | 09/05/2024 | 162.00 | 14/04/2024 | Reference Books | |||||
| Dewey Decimal Classification | Computer Science & Engineering in Cyber Security | PIET C-LIBRARY | PIET C-LIBRARY | 14/04/2024 | Zafaa Books and Distributors | In rupees | 225.00 | ZBD0031 | 364.168 GUC | 37547 | 09/05/2024 | 162.00 | 14/04/2024 | Text Books | |||||
| Dewey Decimal Classification | Computer Science & Engineering in Cyber Security | PIET C-LIBRARY | PIET C-LIBRARY | 14/04/2024 | Zafaa Books and Distributors | In rupees | 225.00 | ZBD0031 | 364.168 GUC | 37548 | 09/05/2024 | 162.00 | 14/04/2024 | Text Books | |||||
| Dewey Decimal Classification | Computer Science & Engineering in Cyber Security | PIET C-LIBRARY | PIET C-LIBRARY | 14/04/2024 | Zafaa Books and Distributors | In rupees | 225.00 | ZBD0031 | 364.168 GUC | 37549 | 09/05/2024 | 162.00 | 14/04/2024 | Text Books | |||||
| Dewey Decimal Classification | Computer Science & Engineering in Cyber Security | PIET C-LIBRARY | PIET C-LIBRARY | 14/04/2024 | Zafaa Books and Distributors | In rupees | 225.00 | ZBD0031 | 364.168 GUC | 37550 | 09/05/2024 | 162.00 | 14/04/2024 | Text Books |